UBT Library

Globalizmi- Tranzicioni dhe integrimet(refleksionet në Kosovë) : (Record no. 536)

000 -LEADER
fixed length control field 00719nam a22001937a 4500
008 - FIXED-LENGTH DATA ELEMENTS--GENERAL INFORMATION
fixed length control field 150319b xxu||||| |||| 00| 0 alb d
020 ## - INTERNATIONAL STANDARD BOOK NUMBER
International Standard Book Number 9951179014
041 0# - LANGUAGE CODE
Language code of text/sound track or separate title alb
080 ## - UNIVERSAL DECIMAL CLASSIFICATION NUMBER
Universal Decimal Classification number 327
Common auxiliary subdivision (100)
100 1# - Rafti
Rafti Selmani, Bedri ;
245 10 - TITLE STATEMENT
Title Globalizmi- Tranzicioni dhe integrimet(refleksionet në Kosovë) :
Statement of responsibility, etc Bedri Selmani.
260 ## -
-- Prishtinë :
-- Lubjanë :
-- Shtëpia Botuese Zenith ,
-- Qendra për studime Shqiptare Albanica,
-- 2006.
300 ## -
-- 234 f. :
-- 24 cm.
500 ## -
-- Parathënie : f. [9]-11
505 ## -
-- Bibliografia: f. 221-228
505 ## -
-- Indeks : f. 229-234
650 #0 -
-- Marrëdhëniet ekonomike ndërkombëtare
942 ## - ADDED ENTRY ELEMENTS (KOHA)
Source of classification or shelving scheme
Item type Books
Holdings
Withdrawn status Lost status Source of classification or shelving scheme Damaged status Not for loan Collection code Permanent location Current location Shelving location Date acquired Total Checkouts Full call number Barcode Date last seen Koha item type
          Koleksioni i përgjithshem UBT - Prishtine UBT - Prishtine Koleksioni i përgjithshem 03/19/2015   327 (100) SEL 001-000788 03/19/2015 Books
UBT Library © 2015-2024. All rights reserved University Education for Business and Technology